01448cam a22003975a 4500999001700000001001000017003000900027005001700036008004100053020001800094040004100112082002000153100006300173245010400236250002100340250003900361264004900400264001000449300004500459336002600504337002800530338002700558490002000585500002300605500002000628650004000648650004000688650003800728650002900766651001000795653002100805655001700826700005400843942001200897952014100909 c22056d22028016601944EG-ScBUE20200203112028.0160201t2014 enka f d 001 0 eng d a9781292042121 aStDuBDSbengerdacStDuBDSdEG-ScBUE04a808.53bRYB2221 aRybacki, Karyn C.q(Karyn Charles),d1947-eauthor.94050510aAdvocacy and opposition :ban introduction to argumentation /cKaryn C. Rybacki, Donald J. Rybacki. aSeventh edition. aPearson new international edition. 1aHarlow :bPearson Education Limited,c[2014] 4cc2014 aii, 262 pages :billustrations ;c28 cm. 2rdacontentatextbtxt 2rdamediaaunmediatedbn 2rdacarrieravolumebnc0 aAlways learning aIncludes glossary. aIncludes index. 7aPersuasion (Rhetoric)2BUEsh924405 7aDebates and debating.2BUEsh924364 7aProposition (Logic)2BUEsh940508 7aReasoning.2BUEsh913976 2BUEsh bLLAAWWcJuly2016 vReading book1 aRybacki, Donald J.q(Donald Jay),d1945-eauthor. 2ddccBB 00102ddc40708BaccahaMAINbMAINc2NDd2016-07-28ePurchaseg352.00h26080l0o808.53 RYBp000033008r2025-07-15 00:00:00v440.00yBB